000 00393 a2200121 4500
001 ART_3651
005 20260410161717.0
008 260409a
245 1 0 _aDesempleo, políticas macroeconómicas y flexibilidad del mercado laboral.
100 1 _aFrenkel, Roberto
700 1 _aRos, Jaime
773 0 _tDesarrollo económico
_g- Vol. 44, Nº 173 (abr./jun. 2004)
_wREV1174
999 _c16582
_d16582